000 01076cam a2200277 a 4500
001 35
003 BR-CuiBMT
005 20231110234859.0
008 230804s2022 mbg 000 0 por d
020 _a9786555183382
040 _aBR-CuiBMT
_cBR-CuiBMT
080 _22007
_a35.078.3
090 _a3.078.3
_bC764
245 0 0 _aControle externo no século XXI :
_bhomenagem a Sebastião Helvecio conselheiro, educador e cidadão do mundo /
_cCláudio Couto Terrão, Durval Ângelo Andrade, coordenadores ; prefácio Mauri Torres ; [autores Adircélio de Moraes Ferreira Júnior ... et al.].
260 _aBelo Horizonte :
_bFórum,
_c2022.
300 _a354 p. ;
_c22 cm
500 _aVários autores.
504 _aInclui bibliografia.
600 1 _aHelvecio, Sebastião
_xControle externo
650 _aControle externo
_ySéc. XXI
650 _aFinanças públicas
_xAuditoria
_zSéc. XXI
700 1 _aTerrão, Cláudio Couto
_4coord.
700 1 _aAndrade, Durval Ângelo
_4coord.
700 1 _aFerreira Júnior, Adircélio de Moraes
_eet al.
_eautores
942 _2udc
_cLV
999 _c35
_d35